00770nam a2200217 a 450000100100000000500170001000800410002702000150006804000250008308200150010824500670012326000340019030000290022449000250025350400720027870000320035083000310038204900090041395201130042299900170053500002244920200930021626.0101011s200u sp 000 0 spa d a9706516418 aDO-SdBNPbspacBNPHU axxxxbE59i00aEnsayistas ingleses /cEstudio preliminar Adolfo Bioy Casares. aMéxico. :bOceano,c[200?]. axxxvii, 487 p. ;c21 cm.1 aBiblioteca Universal aIncluye referencias bibliográficas y notas al pie de la páginas1 aBioy Casares, Adolfo946273 0aBiblioteca Universal92855 aBNPD 001050718MOaGRbGRcCTd2010-10-11iLF1l0oxxxx E59ip22449-10r2020-06-25w2020-06-25y1ZNo se presta c21947d21947